Qantas International Destinations - Statistics

General Stats
  • This quiz has been taken 247 times
  • The average score is 25 of 32
Answer Stats
Country City % Correct
New Zealand Auckland
98%
Canada Vancouver
98%
Singapore Singapore
97%
Japan Tokyo
97%
Thailand Bangkok
95%
China, PR Beijing
95%
United Kingdom London
95%
United States Los Angeles
95%
New Zealand Wellington
95%
Philippines Manila
94%
Chile Santiago
94%
China, PR Shanghai
94%
Indonesia Jakarta
92%
Japan Osaka
91%
New Zealand Christchurch
90%
China Hong Kong
90%
South Africa Johannesburg
90%
United States San Francisco
90%
United States New York City
88%
Indonesia Denpasar
86%
United States Dallas
81%
Papua New Guinea Port Moresby
74%
Thailand Phuket
72%
Fiji Nadi
70%
United States Honolulu
66%
New Zealand Queenstown
60%
New Caledonia, France Nouméa
49%
New Zealand Dunedin
45%
New Zealand Nelson
22%
New Zealand Palmerston North
19%
New Zealand Napier
17%
New Zealand New Plymouth
14%
No matching quizzes found
Score Distribution
Percent of People with Each Score
Percentile by Number Answered
Your Score History
You have not taken this quiz